| 000 | 00688cab a2200217 4500 | ||
|---|---|---|---|
| 001 | ABS43084 | ||
| 008 | 090401t1990 xxu||||| |||| 00| 0 eng d | ||
| 035 | _a(Sirsi) u40367 | ||
| 041 | _aeng | ||
| 100 | _aWebber, R. | ||
| 245 | _aChaos over Sunday trading | ||
| 260 | _c1990 | ||
| 350 | _a0 | ||
| 490 |
_aEstates Times _v(1053) 29 June 1990, 16(1) |
||
| 520 | _aExamines the current state of Sunday trading law after the recent High Court decision Torfaen Council v B&Q which considered the relationship between Shops Act 1950 s47 and Treaty of Rome Article 30 . | ||
| 650 | _aCASE LAW | ||
| 650 | _aEUROPEAN COMMUNITY | ||
| 690 | _aLAW | ||
| 942 | _n0 | ||
| 948 | _c04/03/1997 | ||
| 999 |
_c25868 _d25868 |
||